000 00733nam a2200253Ia 4500
003 OSt
005 20220923221809.0
006 a|||||r|||| 00| 0
007 ta
008 220922b |||||||| |||| 00| 0 hin d
024 _a200,164
037 _cTextual
040 _aARTS
_cARTS
_bhin
041 _2hin
_ahin
082 _aQ3:33, 152L4
100 _aरज्नीश
245 0 _aमहावीर परिचय और वाणी
246 _ahināvīr parichaya aur vāṇī
260 _c1974
300 _a330पृ.
_ccm.
490 _aआचार्य रजनीश प्रवचनमाला 2
942 _hQ3:33, 152L4
_cTEXL
_2CC
999 _c351836
_d351836